Statistics for Bats general knowledge quiz

Click here to take the quiz!

General Stats

  • This quiz has been taken 6 times
  • The average score is 5 of 18

Answer Stats

HintAnswer% Correct
nahnahnahnahnahnahnahnah, nahnahnahnahnahnahnahnah......Batman
83%
bat poop; used as fertilizerguano
83%
recent pandemic scapegoated on batsSaRS-CoV-2, or COVID-19, or coronavirus
83%
what do some bats use to find food and their way around?echolocation
67%
small South American bat notable for its exceptional walking abilities and its remarkable diet, which consists of mostly the blood of its preyvampire bat
67%
large African bat; males have large, blocky heads and form leks to attract mateshammerhead bat
17%
a place where bats hibernate during the winterhibernaculum
17%
in contrast, what is the smallest bat by wingspan?Kitti's hognose bat
17%
huge Central/South American "bat-of-prey'' that eats other bats, birds, and large reptilesspectral bat
17%
how many species, worldwide, are there?1,400
0%
Mesoamerican bat god of night, death, and human sacrificeCamazotz
0%
bats belong in what order?Chiroptera
0%
African bat with distinct "shoulder pauldrons'' of scented furepauletted fruit bat
0%
Asian bat often confused with the abovefalse vampire bat
0%
what is the largest bat by wingspan?gold-crowned flying fox
0%
Another version of the above, whose name means "breaker of boats''Kongamato
0%
cryptid thought to be an immense bat, or perhaps a pterosaur, who allegedly assaulted biologist Ivan T. SandersonOlitiau
0%
megabats weren't always classified as bats - what unassuming order of mammals were megabats formerly lumped into?primates
0%

Score Distribution

Percentile by Number Answered

Percent of People with Each Score

Your Score History

You have not taken this quiz